| 000 | 00460nam a2200169 4500 | ||
|---|---|---|---|
| 003 | SEACOMMC | ||
| 005 | 20250416162341.0 | ||
| 008 | 240919b |||||||| |||| 00| 0 eng d | ||
| 020 | _cRs.325.00 | ||
| 040 | _aSEACOMMC | ||
| 082 |
_a070.19 _bS531 |
||
| 100 | _a Sharma, Jitendra Kumar. | ||
| 245 | 1 |
_aDigital Broadcasting Journalism _cJitendra Kumar Sharma |
|
| 260 |
_aDelhi _b Authorspress _c2003 |
||
| 650 | _a Journalism, Digital Broadcasting | ||
| 942 | _cBOOK | ||
| 999 |
_c570 _d570 |
||